Countries With Multiple S’s - Statistics

General Stats
  • This quiz has been taken 29 times
  • The average score is 8 of 9
Answer Stats
Continent Country % Correct
Oceania Marshall Islands
96%
Europe/Asia Russia
96%
North America Saint Kitts and Nevis
96%
Oceania Solomon Islands
96%
North America Saint Vincent and the Grenadines
89%
Africa Seychelles
89%
Africa South Sudan
89%
North America United States
89%
Africa Guinea-Bissau
63%
No matching quizzes found
Score Distribution
Percent of People with Each Score
Percentile by Number Answered
Your Score History
You have not taken this quiz